00813 2200205 4500001002100000005001500021035002000036007000300056008004100059082000800100084001400108100002100122245017200143250002100315260003800336300003700374650015400411856002900565990001300594INLIS00000000000125220260408012720 a0010-0426000006ta260408 e 0 ind  a332 a332 AUD s0 aAuditor Kementan1 aSinergi Pengawasan Dalam Mendukung Konstratani Untuk Mendukung Konstra Tani Untuk Mewujudkan Petani Maju, Mandiri Dan Modern - Media Auditor Kementan /cItjen Kementan acet. 1, Edisi 53 aJakarta :bAuditor Kemntan,c2020 a94 hlm :bi 94 hlm;ilus ;c23 cm 4aSinergi Pengawasan Dalam Mendukung Konstratani Untuk Mendukung Konstra Tani Untuk Mewujudkan Petani Maju, Mandiri Dan Modern - Media Auditor Kementan aPerpustakaan BBPP Kupang a20200025